000 00403pab a2200145 454500
008 180718b1997 xxu||||| |||| 00| 0 eng d
100 _aDaftuar, C.N.
245 _aIntegrating HRD with line: whose responsibility is this
260 _c1997
300 _ap.55-67
362 _aJul-Sep
650 _aHuman resources development
773 _aIndian Journal of Training and Development
909 _a36165
999 _c36165
_d36165